|
|
|
|
| LEADER |
01245nam a2200337 a 4500 |
| 001 |
36941 |
| 003 |
BD-DhAAL |
| 005 |
20211207131807.0 |
| 008 |
200120t1994 ilua b 001 0 eng d |
| 999 |
|
|
|c 41986
|d 41986
|
| 010 |
|
|
|a 93011766
|
| 020 |
|
|
|a 0673468674
|
| 020 |
|
|
|a 9780673468673
|
| 040 |
|
|
|a DLC
|c DLC
|d DLC
|d BD-DhAAL
|
| 050 |
0 |
0 |
|a HT321
|b .M53 1994
|
| 082 |
0 |
0 |
|a 330.91732
|2 20
|
| 100 |
1 |
|
|a Mills, Edwin S.
|9 39072
|
| 245 |
1 |
0 |
|a Urban economics /
|c Edwin S. Mills, Bruce W. Hamilton.
|
| 250 |
|
|
|a Fifth edition
|
| 260 |
|
|
|a New York, N.Y. :
|b HarperCollins College Publishers,
|c c1994.
|
| 300 |
|
|
|a xiv, 480 pages :
|b illustrations ;
|c 24 cm.
|
| 440 |
|
4 |
|a The HarperCollins series in economics
|9 39073
|
| 504 |
|
|
|a Includes bibliographical references and index.
|
| 526 |
|
|
|a ESS
|
| 541 |
|
|
|a Development Book Agency
|e 36941
|
| 650 |
|
0 |
|a Urban economics.
|9 39074
|
| 650 |
|
0 |
|a Economics.
|9 43546
|
| 700 |
1 |
|
|a Hamilton, Bruce W.,
|d 1946-
|9 39075
|
| 852 |
|
|
|a Ayesha Abed Library
|c General Stacks
|
| 942 |
|
|
|2 ddc
|c BK
|
| 952 |
|
|
|0 0
|1 0
|2 ddc
|4 0
|6 330_917320000000000_MIL
|7 0
|9 67743
|a BRACUL
|b BRACUL
|c GEN
|d 2020-01-20
|e Development Book Agency
|g 2200.00
|l 1
|m 1
|o 330.91732 MIL
|p 3010036941
|r 2021-01-06
|s 2020-01-21
|t 1
|v 2200.00
|w 2020-01-20
|y BK
|